000 01437nam a2200337Ia 4500
001 ebr10137851
003 CaPaEBR
006 m u
007 cr cn|||||||||
008 020605s2002 ohua sb 001 0 eng d
010 _z 2002072140
020 _z0821441086
020 _z0821414682 (pbk. : alk. paper)
020 _z0821414674 (close : alk. paper)
040 _aCaPaEBR
_cCaPaEBR
035 _a(OCoLC)191935601
050 1 4 _aPS3535.E2786
_bZ75 2002eb
100 1 _aLehman, Daniel W.
_q(Daniel Wayne),
_d1950-
245 1 0 _aJohn Reed and the writing of revolution
_h[electronic resource] /
_cDaniel W. Lehman.
260 _aAthens :
_bOhio University Press,
_cc2002.
300 _axii, 294 p. :
_bill.
504 _aIncludes bibliographical references (p. 277-284) and index.
533 _aElectronic reproduction.
_bPalo Alto, Calif. :
_cebrary,
_d2009.
_nAvailable via World Wide Web.
_nAccess may be limited to ebrary affiliated libraries.
600 1 0 _aReed, John,
_d1887-1920
_xCriticism and interpretation.
650 0 _aRevolutionary literature, American
_xHistory and criticism.
650 0 _aLiterature and society
_zUnited States
_xHistory
_y20th century.
650 0 _aSocial problems in literature.
655 7 _aElectronic books.
_2local
710 2 _aebrary, Inc.
856 4 0 _uhttp://site.ebrary.com/lib/rucke/Doc?id=10137851
_zAn electronic book accessible through the World Wide Web; click to view
999 _c83574
_d83574